Movies Beginning With S - The Last 40 Years - Statistics

General Stats
  • This quiz has been taken 18 times
  • The average score is 11 of 41
Answer Stats
Picture Answer % Correct
The Sixth Sense (1999)
80%
Superbad (2007)
73%
Scary Movie (2000)
67%
Shutter Island (2010)
67%
Speed (1994)
67%
Shark Tale (2004)
60%
Sin City (2005)
60%
Signs (2002)
53%
The Shape Of Water (2017)
53%
So I Married An Axe Murderer (1993)
47%
Shakespeare In Love (1998)
40%
Something’s Gotta Give (2003)
33%
Sicario (2015)
27%
Sinners (2025)
27%
Skyscraper (2018)
27%
Slither (2006)
27%
Swingers (1996)
27%
Safe House (2012)
20%
Say Anything… (1989)
20%
Soapdish (1991)
20%
Spring Breakers (2013)
20%
Spy Game (2001)
20%
Stakeout (1987)
20%
Strange World (2022)
20%
Saltburn (2023)
13%
Silverado (1985)
13%
Singles (1992)
13%
State Of Play (2009)
13%
Sudden Death (1995)
13%
Suicide Kings (1997)
13%
The Serpent And The Rainbow (1988)
13%
Shanghai Surprise (1986)
7%
Source Code (2011)
7%
Spenser Confidential (2020)
7%
State Of Grace (1990)
7%
Stillwater (2021)
7%
Sting (2024)
7%
Street Kings (2008)
7%
Stuber (2019)
7%
Swiss Army Man (2016)
7%
The Skeleton Twins (2014)
7%
No matching quizzes found
Score Distribution
Percent of People with Each Score
Percentile by Number Answered
Your Score History
You have not taken this quiz